000 00321nam a22001457a 4500
008 221109b ||||| |||| 00| 0 eng d
020 _a9781584803270
041 _aeng
080 _a61
082 _a61
100 _a4
101 _aMJK
245 _aEMERGENCY MEDICAL RESPONSE
_cAMERICAN RED CROSS
942 _2udc
_cBK
999 _c58813
_d58813